000 01263nam0a22002771 4500
001 rc\3725384
005 20250610065000.0
035 _a(NLR Aleph) 007776372
090 _a7522211
_c7522211
100 _a20130115d1973 |||y0rusy50 ca
101 0 _arus
102 _aRU
105 _aa z |||||
200 1 _aМагнитные сепараторы, изготавливаемые в СССР и за рубежом
_fМ-во цветной металлургии СССР. Центр. науч.-исслед. ин-т информации и техн.-экон. исследований цветной металлургии
210 _aМосква
_cБ. и.
_d1973
215 _a43 с.
_cил.
_d22
300 _aАвт. указаны на обороте тит. л.
333 _aДля служебного пользования. Экз. № 000005
532 1 2 _aМагнитные сепараторы, изготавливаемые в Союзе Советских Социалистических Республик и за рубежом
700 1 _aСинельникова
_bЛ.Н.
701 1 _aНеваева
_bЛ.М.
801 0 _aRU
_bNLR
_gpsbo
801 1 _aRU
_bELAR
_2rusmarc
852 _aNLR
_j73-50К/4499
942 _cBOOK
980 _aNB